000 02771nam a2200373 i 4500
001 193586
003 ES-MaACL
005 20250719032147.0
007 ta
008 240117b2022 sp ||||| |||| 00| 0 spa d
020 _a9798838120366
040 _bspa
_cES-MaACL
080 _a821.134.2(729.5) Hostos, Eugenio María de 1.07
100 1 _9234895
_aSantiago, Anamín
_eaut
245 1 0 _aEugenio María de Hostos :
_bpraxis teatral /
_cAnamín Santiago
264 _aRío Grande, Puerto Rico :
_bLa Casa Editora,
_c2022
300 _a395 páginas ;
_c23 cm
336 _2rdacontent
_aTexto
337 _2rdamedia
_asin mediación
338 _2rdacarrier
_avolumen
490 0 _aEnsayo
500 _aÍndice
504 _aBibliografía: páginas 383-391
520 _a Todo comenzó cuando, perpleja, leí lo siguiente en el diario primero del joven Hostos: “¿Beneficios de esa proposición? El inmediato, sacarme de Europa, librarme de la lucha con el hambre vergonzante, y llevarme de paso a Puerto Rico, y concederme un mes de olvido y esperanzas, y situarme en mi teatro, en esa América, a cuyo porvenir he consagrado el mío.” (Diario I, 175) Desde esta frase “situarme en mi teatro, en esa América” armaré su propuesta para un teatro antillano. Se estudiarán los textos “¡Sitio! Monólogo de un sediento”, Diario 1866-1869, “La Cuarterona”, Romeo y Julieta, Hamlet, ensayo crítico, “Rossi en Hamlet”, “Un drama de L. A. Baralt”, “De teatro nacional”, “De teatro”, “El 18 del proscripto, monólogo”, “Monólogo (27 de febrero)” y sus piezas dramáticas: “Loa a mamá”, “El cumpleaños”, “¿Quién preside?” y “La llegada de la guagua” (todos pueden leerse en sus respectivas discusiones o como anejos). También entrarán en juego: “La moral y la literatura-la dramática”, Diario II, “El horizonte de Santo Domingo” y “Quisqueya, su sociedad y algunos de sus hijos”, junto a algunas cartas. Son muchos más los materiales que deben revisarse. De hecho, aprovecho para agradecer a los grupos compiladores, sin su monumental trabajo no hubiera sido posible esta investigación ni ninguna otra.
600 1 4 _aHostos, Eugenio María de,
_d1839-1903-
_xCrítica e interpretación
_964304
852 _aES-MaACL
_bR. 154935
_cDEPOJ
_jN-9592
_hDonación: Anamín Santiago
_x Encuadernación rústica
_gDedicatoria autógrafa de la autora
_9201048
903 _9234895
_aSantiago, Anamín
_ednr
942 _n0
_cMONOGRAFIA
999 _c193586
_d193586